| 000 | 01291nam a22003255a 4500 | ||
|---|---|---|---|
| 003 | EG-ScBUE | ||
| 005 | 20211202105024.0 | ||
| 008 | 170713s2015 ua f b 000 0dara d | ||
| 017 | _a2015 / 17792 | ||
| 020 | _a9789779204086 | ||
| 040 |
_aEG-ScBUE _bara _erda _cEG-ScBUE _dEG-ScBUE |
||
| 082 | 0 | 4 |
_222 _a892.736 _bن و ف |
| 100 | 1 |
_aنوفل، يوسف حسن، _d1938- _eمؤلف. |
|
| 245 | 1 | 2 |
_aالفن القصصي بين جيلي طه حسين ونجيب محفوظ / _cد. يوسف نوفل ؛ [تقديم يوسف القعيد]. |
| 264 | 1 |
_aالقاهرة : _bالمجلس الأعلى للثقافة، _c2015. |
|
| 300 |
_a354 صفحة ؛ _c24 سم |
||
| 336 |
_2rdacontent _aنص _btxt |
||
| 337 |
_2rdamedia _aبدون وسيط _bn |
||
| 338 |
_2rdacarrier _aمجلد _bnc |
||
| 504 | _aيشتمل على إرجاعات ببليوجرافية. | ||
| 590 | _aدعاء | ||
| 600 | 1 | 7 |
_2BUEsh _aطه حسين، _d1898-1973 _tنقد وتفسير. |
| 600 | 1 | 7 |
_2BUEsh _aنجيب محفوظ، _d1911-2006 _xنقد وتفسير. |
| 650 | 7 |
_2BUEsh _aالقصة العربية _zمصر _xتاريخ ونقد _yقرن 20. |
|
| 651 | _2BUEsh | ||
| 653 |
_bGGEN _cJuly2017 |
||
| 655 |
_vReading book _934232 |
||
| 700 | 1 |
_aالقعيد، يوسف، _d1944- _eمقدم. |
|
| 942 | _2ddc | ||
| 999 |
_c25041 _d25013 |
||